Almazy : Optičeskije svojstva i klassifikacija /
Gespeichert in:
| 1. Verfasser: | |
|---|---|
| Format: | Buch |
| Sprache: | Russisch |
| Veröffentlicht: |
Moskva :
Mašinostrojenije,
1966
|
| Schlagworte: | |
| Tags: |
Keine Tags, Fügen Sie das erste Tag hinzu!
|
MARC
| LEADER | 00000nam a22000003a 4500 | ||
|---|---|---|---|
| 001 | stu36496 | ||
| 005 | 20150617225726.3 | ||
| 008 | 920609s1966----xxr-----------------rus-d | ||
| 040 | |a STU |b slo | ||
| 041 | 0 | |a rus | |
| 044 | |a xxr | ||
| 080 | |a 549.21 | ||
| 100 | 1 | |a Gomon, G.O |4 aut | |
| 245 | 1 | |a Almazy : |b Optičeskije svojstva i klassifikacija / |c [aut.]G.O. Gomon | |
| 260 | |a Moskva : |b Mašinostrojenije, |c 1966 | ||
| 300 | |a 145 s | ||
| 650 | 7 | |a diamanty |2 stusub | |
| 996 | |b 284M016211 |c M*3997-1 |l MMKN |s A |a 24 |w stu36496_0001 | ||